00870cam a22002298i 45000010009000000050017000090080041000260100017000670200042000840800019001261000029001452450104001742500020002782640047002983000025003456500045003706530051004157000035004667000044005017000049005457000046005941876858420221107113353.0150824s2016 nyu b 001 0 eng  a 2015032679 a9781259587702 (pbk. : alk. paper) 1 a61+615.89 C-291 aToy, Eugene C.,eauthor.10aCase files.pFamily medicine /cEugene C. Toy, Donald Briscoe, Bruce Britton, Joel J. Heidelbaugh. aFourth edition. 1aNew York :bMcGraw-Hill Education,c[2016] a691 p.cill.b23 cm.12aFamily PracticevProblems and Exercises. aსაოჯახო მედიცინა1 aToy Eugeneeავტორი1 aBriscoe, Donald A.,eავტორი1 aBritton, Bruce,d1962- ,eავტორი1 aHeidelbaugh, Joel J.,eავტორი